00615 a2200193 450000100060000002000150000604000240002110000180004524000360006324500310009930000070013036200090013744000120014665000310015894200070018995201040019695201040030099900170040470050 a8516046060 cAnchieta - Itaigara aPougy, Eliana10aPara olhar e olhar de novolpor10aPara olhar e olhar de novo a550 a2005 1aModerna 4aLiteratura infanto-juvenil cBK 00104070a88.1b88.1d2023-11-21l0o028.5 POU PARp3073/ITAr2023-11-21 20:04:53w2023-11-21yBK 00104070a88.1b88.1d2023-11-21l0o028.5 POU PARp3074/ITAr2023-11-21 20:04:54w2023-11-21yBK c70050d70050